00658nam a2200241 a 4500001001300000003000900013005001700022008004100039020001000080082001500090100002300105245003000128260004300158300000900201500003500210505001000245650001300255700002300268902000800291942000700299952009500306999001500401nice12345678IN_TiNIC20260116011913.0050524s1897 lona grp 000 0 eng  ac10000a294.5bMIT aMitchell, J Murray aHinduism Past and Present aLondonbReligious Tracts Societyc1897 a287p aincludes index and biblioraphy2 aindex aHinduism1 aMitchell, J Murray bSRS cBK 00104070aHMIbHMId2007-07-23g100.00l0o294.5 MITp07937r2007-07-23w2026-01-16yEB c4839d4839